Responding to a wake-up call: an examination of federal agency diversity management programs (Record no. 59648)

000 -LEADER
fixed length control field 01138pab a2200169 454500
008 - FIXED-LENGTH DATA ELEMENTS--GENERAL INFORMATION
fixed length control field 180718b2004 xxu||||| |||| 00| 0 eng d
100 ## - MAIN ENTRY--PERSONAL NAME
Personal name Kellough, J. Edward
245 ## - TITLE STATEMENT
Title Responding to a wake-up call: an examination of federal agency diversity management programs
260 ## - PUBLICATION, DISTRIBUTION, ETC.
Date of publication, distribution, etc. 2004
300 ## - PHYSICAL DESCRIPTION
Extent p.62-90.
362 ## - DATES OF PUBLICATION AND/OR SEQUENTIAL DESIGNATION
Dates of publication and/or sequential designation Mar
520 ## - SUMMARY, ETC.
Summary, etc. This article reports the results of a survey administered to 160 federal agencies and subagencies to gauge the extent to which they have developed diversity management programs. Many agencies report that they have implemented numerous programmatic elements recommended by the growing body of literature on diversity in the workplace. In contrast, other agencies indicate that they have very limited programs or that they have simply repackaged their traditional equal employment opportunity and affirmative action initiatives. A primary determinant of the level of development of agency or subagency diversity programs is support from the head of each organization. - Reproduced.
650 ## - SUBJECT ADDED ENTRY--TOPICAL TERM
Topical term or geographic name entry element Management
700 ## - ADDED ENTRY--PERSONAL NAME
Personal name Naff, Katherine
773 ## - HOST ITEM ENTRY
Main entry heading Administration and Society
909 ## -
-- 59648
Holdings
Withdrawn status Lost status Damaged status Not for loan Permanent Location Current Location Date acquired Serial Enumeration / chronology Barcode Date last seen Price effective from Koha item type
        Indian Institute of Public Administration Indian Institute of Public Administration 2018-07-19 Volume no: 36, Issue no: 1 AR60093 2018-07-19 2018-07-19 Articles

Powered by Koha